| 000 | 02330nam a22001817a 4500 | ||
|---|---|---|---|
| 999 |
_c176272 _d176272 |
||
| 005 | 20201208154003.0 | ||
| 010 | _aENG-128640 | ||
| 020 |
_a978-93-901-6881-1 _c295.00 |
||
| 035 | _aEN-112172 | ||
| 037 | _bDBAD/PUB | ||
| 082 | _a483 | ||
| 245 | _aLongman Elelmentary Dictionary/ | ||
| 250 | _aUpdated Edition | ||
| 260 |
_aUttar Pradesh _bPearson India Education Services Pvt. Ltd. _c2021 |
||
| 270 |
_bUttar Pradesh _e201301 _a15th Floor, Tower-B, World Trade Tower, Plot No.- 1, Block-C, Sector-16, Noida _mcompanysecretary.india@pearson.com _k044-66540100 |
||
| 300 |
_a211p. _c26cm(pbk) _bIncluding illustrations. |
||
| 942 |
_2ddc _cEN _h483 _mLON |
||